000
00273nam a2200109Ia 4500
005
20251222153632.0
008
251222s9999||||xx |||||||||||||| ||spa||
082
_a
828.82/D73N
100
_a
"Dickens, Charles"
245
0
_a
Novela de vacaciones y otros cuentos
942
_c
LIB
999
_c
32388
_d
32388